MDQL
is popping MORE tags! Check the
thread
!
Quizzes
Events
Quiz Creation
Community
Videos
Private Events
Remove Ads
Sign In
Join for FREE
Feedback
Dark Mode
Quiz Categories
Sports
Geography
Music
Movies
Television
Just For Fun
Miscellaneous
History
Literature
Language
Science
Gaming
Entertainment
Religion
Holiday
For Kids
Quiz Lab
Recent
Popular Today
Quiz Kudos Today
Editor Picks
Curator Picks
Quizzes by...
Day
Popularity
Type
Ratings
Length
Year
Community
Subscriptions
Recent Discussions
Orange Saloon
Badges
Playlists
Quests
Create
Leaderboards
Showdown
Live 5
Trivia Bingo
Activity
Puzzle Library
Sporcle Events
Private Events
Virtual Trivia
Globe League
Become a Host
Pub Owners
SporcleCon
Opinionation
Our Games
Videos
Blog
Mobile Apps
Partnerships
Remove Ads and Go Orange
Feedback
Geography
Country
Landmarks
City
State
Population
World
Capital
Continent
Flags
Europe
Africa
Asia
South America
North America
Oceania
Border
Canada
United Kingdom
Topography
United States
Geography
Country
Landmarks
City
State
Population
World
Capital
Continent
Flags
Europe
Africa
Asia
South America
North America
Oceania
Border
Canada
United Kingdom
Topography
United States
Random Quiz
Search Sporcle
×
Quiz Lab
Quiz Lab
Geography
Type in answers that appear in a list
Type in answers that appear in a list
Classic
Best Score? Go Orange.
Tube Stations for London Attractions Stats
Can you name the London Underground stations closest to these popular attractions?
By
zertrudetrout
5m
30 Questions
605 Plays
605 Plays
605 Plays
Comments
Comments
Give Quiz Kudos
Give Quiz Kudos
-
- Ratings
hide this ad
More Info
Forced Order
Answers have to be entered in order
Answers have to be entered in order
Replay
Link that replays current quiz
Next Quiz
Link to next quiz in quiz playlist
You Got
0%
They Got
Avg Score
36%
Avg Friend Score
Upgrade to see
Score Distribution
Jump to the score distribution portion of the page
Score
0/30
Timer
05:00
0
Plays Today
Attraction
Tube Station
% Correct
Harrods
Knightsbridge
88.4%
Olympic Stadium
Stratford
83.9%
Borough Market
London Bridge
57.3%
Stamford Bridge
Fulham Broadway
54%
BBC Television Centre
White City
53.1%
The Emirates Stadium
Arsenal
52.6%
Portobello Road Market
Ladbroke Grove
51.3%
Imperial War Museum
Lambeth North
49.7%
The Ritz
Green Park
48.2%
The All England Tennis Club
Southfields
46.7%
Royal Festival Hall
Waterloo
44.7%
Imperial College
South Kensington
42.1%
MI6 Building
Vauxhall
41.4%
Tate Britain
Pimlico
41.2%
Fenchurch Street Station
Tower Hill
33.4%
Attraction
Tube Station
% Correct
Whitechapel Gallery
Aldgate East
32.5%
Fortnum and Mason
Piccadilly Circus
27.5%
Ministry of Sound
Elephant and Castle
24.8%
Roundhouse
Chalk Farm
23.3%
Museum of Childhood
Bethnal Green
22%
St. Mary's Hospital
Paddington
21.9%
Wellcome Collection
Euston Square
21.2%
Ikea Wembley
Neasden
20.7%
King's College London (Main Campus)
Temple
19.5%
Whiteley's Shopping Centre
Bayswater
16.9%
Lyric Theatre
Hammersmith
15.7%
North London Central Mosque
Finsbury Park
13.7%
Senate House
Goodge Street
13.7%
The Wallace Collection
Bond Street
12.7%
Queen's Club (Tennis)
Baron's Court
9.9%
Quiz Playlist
Details
Report
Send in Message
Add To Playlist
More Info:
Can you name the tube station adjacent to these various London attractions?
Classic:
Type in answers that appear in a list
Forced Order:
Answers have to be entered in order
Quiz Source
Last Updated: Feb 16, 2017
Quiz Scoreboard
CHALLENGE
Sign Up to Join the Scoreboard
Show All
Scores
Hide
Comments
May contain spoilers
Recently Published
Street Fighter Characters
by Artimus82
Gaming
60s
9x9 Crossword: Cartoon Network
by jackfrog10
Miscellaneous
3m
College Basketball Coaching Resumes
by pancakes188
Sports
9m
More to Explore
Quiz From the Vault
Featured Blog Post
Where Did the Easter Bunny Come From?
hide this ad
You Might Also Like...
Tags
This quiz does not have any tags.
Today's Top Quizzes in Geography
Browse Geography
hide this ad
Top Contributed Quizzes in Geography
1
Countries of the World - No Outlines Minefield
2
Top 25 Cities of France on a map
3
Any capital of a 'B' country per Continent
4
Any capital of a 'C' country per Continent
5
Closest Countries to UK A-Z
6
Any capital of a 'D' country per Continent
7
5-to-1: US Geography No Hints
8
Any capital of an 'E' country per Continent
9
Find the US States - No Outlines
10
Any capital of an 'F' country per Continent
Explore More
Trending Topics
Marvel
Anime
NBA
Kpop
Crossword
Disney
Harry Potter
Pokémon
NFL
The Office
Puzzle
Country
Soccer
WWE
Song
hide this ad
More By:
zertrudetrout
Quiz
Plays
Rating
Category
Featured
Created
The Fall Albums
981
3.88
Music
Sep 25, 2009
London National Rail Stations north of the Thames
944
5.00
Geography
Nov 10, 2014
Tube Stations in City of London
630
4.00
Miscellaneous
Oct 23, 2011
Leeds United 2009/10 Squad
628
4.00
Sports
Oct 26, 2009
Tube Stations for London Attractions
605
4.17
Geography
Jul 27, 2010
Go to Creator's Profile
Score Distribution
Quiz Creator Spotlight
zertrudetrout
Follow
Send a Message
Quizzes Created
-
Created Quiz Play Count
-
More By This Creator
Popular Quizzes Today
1
Find the US States - No Outlines Minefield
2
Find the Countries of Europe - No Outlines Minefield
3
The Countries of the World
4
Find the US States
5
Risky Map Clicking: Biggest States A-Z
6
US States
7
Popular People in 1961
8
Movies - When Are They Set?
More Geography Quizzes
Canadian Provinces on a Map (Minefield)
Quiz Lab
Trending Quizzes
Risky Map Clicking: Least Populous States A-Z
Countries of the World: 200 Million BC
1-10 Letter G Words
Risky Map Clicking: Next State Alphabetically
Adjectives in 80s TV Shows
Recently Updated
Leaping Animals
pecheneg
Reality TV Shows (A-Z)
bhenderson79
Rickey Henderson's Hall of Fame Teammates
pecheneg
Champions League XIs: Arsenal
pecheneg
Quick Pick: Celebrities in WWE's Hall of Fame
aduchscher
A-Z Keypad Blitz II
pecheneg
Multiple Oscar Actors
pecheneg
Mystery Phrase Blitz: Oscar 'Best Actors'
pecheneg
F. Scott Fitzgerald Novels
LTH
Pick 3 Villains
ddd62291
Trending Topics
Kpop
Crossword
Anime
Harry Potter
NBA
Disney
Marvel
The Office
WWE
NFL
Puzzle
Soccer
Country
Pokémon
Song
Your Account Isn't Verified!
In order to create a playlist on Sporcle, you need to verify the email address you used during registration. Go to your
Sporcle Settings
to finish the process.
Report this User
Report this user for behavior that violates our
Community Guidelines
.
Details:
Send Report
Go to the Sporcle.com Mobile Site →
Comments